IMO/UNEP Guidelines on Oil Spill Dispersant Application And Environmental Considerations / (Record no. 3633)

000 -LEADER
fixed length control field 00493nam a22001457a 4500
008 - FIXED-LENGTH DATA ELEMENTS--GENERAL INFORMATION
fixed length control field 200623b ||||| |||| 00| 0 eng d
020 ## - INTERNATIONAL STANDARD BOOK NUMBER
International Standard Book Number 9280111469
082 00 - DEWEY DECIMAL CLASSIFICATION NUMBER
Classification number 628.16833
Item number I339
110 ## - MAIN ENTRY--CORPORATE NAME
9 (RLIN) 76
Corporate name or jurisdiction name as entry element International Maritime Organization
245 10 - TITLE STATEMENT
Title IMO/UNEP Guidelines on Oil Spill Dispersant Application And Environmental Considerations /
260 ## - PUBLICATION, DISTRIBUTION, ETC. (IMPRINT)
Place of publication, distribution, etc London
Name of publisher, distributor, etc IMO
Date of publication, distribution, etc 1982
300 ## - PHYSICAL DESCRIPTION
Extent 43 p.
650 #0 - SUBJECT ADDED ENTRY--TOPICAL TERM
Topical term or geographic name as entry element Oil Spills
General subdivision Environmental Aspects
942 ## - ADDED ENTRY ELEMENTS (KOHA)
Item type Books
Holdings
Withdrawn status Lost status Source of classification or shelving scheme Damaged status Not for loan Permanent location Current location Date acquired Full call number Barcode Date last seen Koha item type
          IMU Kolkata IMU Kolkata 2020-06-23 628.16833 I339 06570 2020-06-23 Books
          IMU Kolkata IMU Kolkata 2020-06-23 628.16833 I339 06571 2020-06-23 Books
Designed and Maintained by IMU-KC Library, Kolkata Campus © Copyright All Rights Reserved

webs counters

Powered by Koha